Sourcing and supply chain management (Record no. 511)
[ view plain ]
| 000 -LEADER | |
|---|---|
| fixed length control field | 00606 a2200205 4500 |
| 001 - CONTROL NUMBER | |
| control field | 066460 |
| 003 - CONTROL NUMBER IDENTIFIER | |
| control field | OSt |
| 005 - DATE AND TIME OF LATEST TRANSACTION | |
| control field | 20210929101659.0 |
| 008 - FIXED-LENGTH DATA ELEMENTS--GENERAL INFORMATION | |
| fixed length control field | |
| 082 ## - DEWEY DECIMAL CLASSIFICATION NUMBER | |
| Classification number | 658.72 |
| Item number | H19S |
| 100 1# - MAIN ENTRY--PERSONAL NAME | |
| Personal name | Sourcing and supply chain management |
| 245 1# - TITLE STATEMENT | |
| Title | Sourcing and supply chain management |
| Statement of responsibility, etc | by R.M. Monczka...[et.al.] |
| 250 ## - EDITION STATEMENT | |
| Edition statement | 4th ed. |
| 260 ## - PUBLICATION, DISTRIBUTION, ETC. (IMPRINT) | |
| Place of publication, distribution, etc | New Delhi |
| Name of publisher, distributor, etc | Cengage Learning |
| Date of publication, distribution, etc | 2009 |
| 300 ## - PHYSICAL DESCRIPTION | |
| Extent | 810p. |
| 690 ## - LOCAL SUBJECT ADDED ENTRY--TOPICAL TERM (OCLC, RLIN) | |
| Topical term or geographic name as entry element | Purchasing; Industrial management;Business logistics; Industrial procurement |
| 700 ## - ADDED ENTRY--PERSONAL NAME | |
| Personal name | Monczka, R.M. |
| 700 ## - ADDED ENTRY--PERSONAL NAME | |
| Personal name | Patterson, J.L. |
| 942 ## - ADDED ENTRY ELEMENTS (KOHA) | |
| Source of classification or shelving scheme | Dewey Decimal Classification |
| Koha item type | Books |
| Withdrawn status | Lost status | Source of classification or shelving scheme | Damaged status | Not for loan | Collection code | Home library | Current library | Date acquired | Source of acquisition | Cost, normal purchase price | Full call number | Barcode | Date last seen | Price effective from | Koha item type |
|---|---|---|---|---|---|---|---|---|---|---|---|---|---|---|---|
| Dewey Decimal Classification | General Text Book | Central University Of Rajasthan | Central University Of Rajasthan | 07/03/2012 | MGM | 2247.00 | 658.72 H19S | 746 | 21/11/2024 | 02/09/2020 | Books |
